Avtomorfnyje formy i klejnovy gruppy

Gespeichert in:
Bibliographische Detailangaben
1. Verfasser: Kra, Irwin (Verfasst von)
Format: Buch
Sprache:Russisch
Veröffentlicht: Moskva : Mir, 1975
Tags: Tag hinzufügen
Keine Tags, Fügen Sie das erste Tag hinzu!

MARC

LEADER 00000nam a22000003a 4500
001 stu200087
005 20150617230036.6
008 100224s1975----xxr-----------------rus-d
040 |a STU  |b slo 
041 0 |a rus 
044 |a xxr 
080 |a 517.862 
080 |a 513.7 
100 1 |a Kra, Irwin  |4 aut 
245 1 |a Avtomorfnyje formy i klejnovy gruppy 
260 |a Moskva :  |b Mir,  |c 1975 
300 |a 296 s 
996 |b E36826  |c E*36826  |l EE03  |s P  |a 0  |w stu200087_0001